| 000 | 00358nam a2200157Ia 4500 | ||
|---|---|---|---|
| 005 | 20250319012603.0 | ||
| 008 | 240331s9999 xx 000 0 und d | ||
| 020 | _a0140284729 | ||
| 082 |
_bLOK _a823 |
||
| 100 | _aLokuge, C | ||
| 245 | 0 | _aIf the moon smiled | |
| 260 |
_aNew York _bPenguin Books _c2000 |
||
| 300 | _a224 p., | ||
| 500 | _anovel | ||
| 942 | _cL | ||
| 999 |
_c4423 _d4423 |
||